Missionalia hispánica : revista cuatrimestral /

El tema principal de esta revista se enfoca en la historia de las misiones que existieron en todo el mundo y, por lo tanto, la historia de la Iglesia católica universal.

Na minha lista:
Detalhes bibliográficos
Outros Autores: Bayle, Constantino (dirección) (dirección)
Formato: Livro
Idioma:espanhol
coleção:(Missionalia Hispánica)
Assuntos:
Tags: Adicionar Tag
Sem tags, seja o primeiro a adicionar uma tag!

MARC

LEADER 00000nam^a2200000^a^4500
001 000117768
005 20250521000000.0
009 20260310094215.664
037 |a Acervo ITESO - Biblioteca 
041 |a ESP 
082 |a 282. 09  |b MIS V. 21 
240 1 1 |a [Missionalia hispánica] 
245 1 0 |a Missionalia hispánica : revista cuatrimestral /  |c Dir. de C. Bayle. 
264 |a Madrid, España :  |b Instituto Santo Toribio de Mogrovejo,  |c 1950 
300 |a p. 409-639 
336 |a texto  |b txt  |2 rdacontenido 
337 |a sin mediación  |b n  |2 rdamedio 
338 |a volumen  |b nc  |2 rdasoporte 
440 1 |a (Missionalia Hispánica) 
520 |a El tema principal de esta revista se enfoca en la historia de las misiones que existieron en todo el mundo y, por lo tanto, la historia de la Iglesia católica universal. 
649 |a XX 
650 |a Catolicismo -  |x Publicaciones Periódicas Españolas 
650 |a Religión -  |x Publicaciones Periódicas Españolas 
650 |a Indígenas de América Central -  |x Historia -  |y Epoca Colonial 
650 |a Evangelización -  |z América Central -  |x Historia -  |y Epoca Colonial 
650 |a Iglesia Católica en América Central -  |x Historia -  |y Epoca Colonial 
650 |a América Central -  |x Historia -  |y Epoca Colonial 
650 |a América -  |x Historia -  |y Epoca Colonial 
650 |a América -  |x Historia -  |x Bibliografías 
650 |a Concilios y Sínodos -  |z Perú -  |x Historia -  |y Epoca Colonial, 1542-1824 
650 |a Iglesia Católica en Perú -  |x Historia -  |y Epoca Colonial, 1542-1824 
650 |a Perú -  |x Historia -  |y Epoca Colonial, 1542-1824 
650 |a Iglesia Católica -  |x Historia 
650 |a Catolicismo -  |x Historia 
650 |a Cristianismo -  |x Historia 
650 |a Religión -  |x Historia 
650 |a Religión 
700 |a Bayle, Constantino  |e (dirección) 
910 |a Fondo Salvador Reynoso Reynoso 
920 |a Impresos - Libros 
930 |a Fondos Especiales 
905 |a 112 
901 |a 0800004289  |b IT2  |c ESP  |u 20250521 
902 |a https://opac.biblio.iteso.mx/vufind/Record/000117768